Регионална библиотека "Любен Каравелов" - Русе

Мисия Уроборос (Запис номер 79031)

MARC детайли
000 -Лидер
Контролно поле с фиксирана дължина 01323nam a2200325 c 4500
003 - Код на организацията, давaща контролен номер
Контролно поле BLK
005 - Дата и час на последна редакция
Контролно поле 20220225123624.0
008 - Елементи от данни с фиксирана дължина
fixed length control field 180408b bul|||||r ||||||| ||bul||
010 ## - Наследен системен номер
LC control number KNG00083503000
020 ## - Международен стандартен номер на книга ISBN
Международен стандартен номер на книга ISBN 978-954-357-137-6
-- издат.: ЕМАС
040 ## - Източник на каталожния запис
Идентификатор на билиотеката - собственик на записа BLK
041 ## - Код за език
Код за езика на текст/звукозапис или на отделно заглавие Български
Код за езика КДБФ Български
080 ## - УДК
Текстов определител УДК Американска литература (на САЩ)
УДК код - определител по УДК 821.111(73)
УДК определител -054.7(=927)-312.4
УДК - код + определител 821.111(73)-054.7(=927)-312.4
100 1# - Редна дума - Автор
Автор Хури, Реймънд
Авторска отговорност първи автор
R(LIN) 369932
139 ## - Редно поле
Редна дума Хури, Реймънд
Авторски знак Хун - Х 95
245 10 - Сведения за заглавието
Заглавие Мисия Уроборос
Подзаглавни данни Роман
Редно поле (дума) Реймънд Хури; прев. Антоанета Антонова Дончева-Стаматова.
257 ## - Страна на издаване
Страна на създаване/издаване Съединени американски щати
260 ## - Област на издателските данни
-- София
Име на издателя, разпространителя и проч. ЕМАС
-- Глобус
Година на издаване 2008
Печатница София : Експреспринт
300 ## - Физическа характеристика
Страници 347 с.
Размери/Мащаб 20 см
380 ## - Жанр
Жанр Худож. лит.
500 ## - Общи забележки
Забележка Ориг. изд. The Sanctuary / Raymond Khoury. - Офс. изд.
653 ## - Ключова дума – ненормативна
Ключова дума трилъри
653 ## - Ключова дума – ненормативна
Ключова дума романи
700 1# - Други автори (авторска отговорност)
Лично име Дончева-Стаматова, Антоанета Антонова
Автороска отговорност (Описва отношението между автора и произведението) прев.
9 (RLIN) 365601
852 ## - Местоположение
Форматна сигнатура Цб 239852
856 4# - Електронен адрес и достъп
Електронен формат pdf - файл
Път до файла /url/
856 4# - Електронен адрес и достъп
Електронен формат pdf - файл
Път до файла /url/
942 ## - АРТИКУЛИ
Вид на библиотечния материал Книги
Скрит в OPAC Не
Koha issues (borrowed), all copies 13
944 ## - СЪЗДАВАНЕ И РЕДАКЦИЯ на ЗАПИСА
Създаване/Редакция Създаване
Дата на регистрацията/редакция 24.04.2008
Статус, дата на статуса ф /
Служител, извършил регистрацията/редакцията Геновева_Генчева
944 ## - СЪЗДАВАНЕ И РЕДАКЦИЯ на ЗАПИСА
Създаване/Редакция Редакция
Дата на регистрацията/редакция 14.12.2016
Статус, дата на статуса ф /
Служител, извършил регистрацията/редакцията Людмила_Стоянова
999 ## - СИСТЕМНИ КОНТРОЛНИ НОМЕРА
Koha biblionumber 79031
Koha biblioitemnumber 79031
Наличности
Код за отписване Код за изгубен артикул Източник на класификационната схема Код за повреда Коз за рестрикции Код за отдаване Артикулен № Име на библиотеката - собственик Име на библиотеката, в която се намира в момента Статус (Текущо местоположение) Дата на вписване в системата Местоположение - отдел Цена в лева Инвентарен номер Систематично азбучна сигнатура Баркод Номер на екземпляра Цена в евро Служебна бележка Служебен тип на артикула
Изтеглен Не е изгубен Universal Decimal Classification Не е повреден без рестрикции заемане за дома 127835 Регионална библиотека "Любен Каравелов" Русе Регионална библиотека "Любен Каравелов" Русе Заемна - подръчен фонд 2008-04-24 Заемна - подръчен фонд 12.00 120000725969 П 820(73)-31/Х 95 120000725969 1 6.14 Дост: Pk Вид: Ф N: 182 Дата: 24.04.2008 Книги
  Не е изгубен   Не е повреден без рестрикции ползва се в читалня 127836 Регионална библиотека "Любен Каравелов" Русе Регионална библиотека "Любен Каравелов" Русе Хранилище 2008-11-17 Хранилище 12.00 120000731525 Цб 239852 120000731525 2 6.14 Дост: Dp Вид: Д N: 30 Дата: 09.07.2008 Книги
  Не е изгубен Universal Decimal Classification Не е повреден без рестрикции заемане за дома 127837 Регионална библиотека "Любен Каравелов" Русе Регионална библиотека "Любен Каравелов" Русе Заемна - подръчен фонд 2016-07-11 Заемна - подръчен фонд 12.00 120000802025 П 820(73)-31/Х 95 120000802025 3 6.14 Дост: DA Вид: А N: 27 Дата: 11.07.2016 Дата инв: 13.02.2018 Бележки инв: П2018 Книги
Vip Innovations Ltd, Rousse, Bulgaria 2025